Diferenciación y reconocimiento mutuo en lo intergenérico: Chodorow y Jessica Benjamín /
Se discuten y comparan los aportes de Jessica Benjamin y Nancy Chorodow a la comprensión de las relaciones intergenéricas en el marco del poder patriarcal, y su uso del marco discursivo psicoanalítico. Los aportes de ambas autoras son discutidos en relación con las elaboraciones freudianas y en sus...
Enregistré dans:
| Auteur principal: | |
|---|---|
| Format: | Texte |
| Sujets: | |
| Tags: |
Ajouter un tag
Pas de tags, Soyez le premier à ajouter un tag!
|
MARC
| LEADER | 00000 a a2200000 04500 | ||
|---|---|---|---|
| 001 | 13666 | ||
| 003 | |||
| 040 | |||
| 100 | |a Dobles Oropeza, Ignacio | ||
| 245 | |a Diferenciación y reconocimiento mutuo en lo intergenérico: |b Chodorow y Jessica Benjamín / |c Ignacio Dobles Oropeza | ||
| 520 | |a Se discuten y comparan los aportes de Jessica Benjamin y Nancy Chorodow a la comprensión de las relaciones intergenéricas en el marco del poder patriarcal, y su uso del marco discursivo psicoanalítico. Los aportes de ambas autoras son discutidos en relación con las elaboraciones freudianas y en sus contribuciones a una vertiente psicoanalista feminista, enfatizando que mientras que Jessica Benjamín plantea una propuesta que busca establecer relaciones entre lo interpersonal y lo intrapsíquico, discutiendo la ardua tarea del reconocimiento mutuo, Chorodow, cuyo aporte ha tenido una enorme influencia, se mueve más en el marco interpersonal | ||
| 650 | |a FEMINISMO | ||
| 650 | |a PSICOANALISIS | ||
| 650 | |a RELACIONES DE GENERO | ||
| 650 | |a PATRIARCADO | ||
| 650 | |a RELACIONES DE PODER | ||
| 650 | |a LITERATURA | ||
| 773 | |g volumen 82, número 2; páginas 7-16 | ||
| 999 | |c 25796 |d 25796 | ||
